Culture Générale - Série 1013 - Statistiques

Statistiques générales
  • Ce quiz a été pris 186 fois
  • Le résultat moyen est 5 sur 10
Statistiques - réponses
Question Réponse % Correct
Qu'appelle-t-on le 7° art ? cinéma
99%
Quel instrument de musique à clavier désigne aussi un grand fourneau de cuisine à plusieurs feux ? piano
85%
Quel petit mammifère carnivore d'Amérique doit son nom au fait qu'il lave ses aliments avant de les consommer ? raton laveur
76%
Sur quelle île des Antilles, était installée la base soviétique de missiles, à l'origine en 1962, d'une grave crise diplomatique avec les Etats-Unis ? Cuba
72%
Quel mot d'origine anglaise, employé couramment dans la langue française, signifie "loisir" ? hobby
62%
Quel est le prénom de l'actrice française nommée Balibar" ? Jeanne
44%
De quel pays le "vatu" est-il la monnaie officielle ? Vanuatu
40%
Petit mammifère d'Europe, carnivore,terreur des poulaillers, de la famille des Mustélidés belette
33%
Si vous mangez un poisson de mer appelé "lisette", vous dégustez un jeune ... maquereau
24%
Quel autre nom porte "l'oiseau de paradis" ? paradisier
8%
Aucun quiz correspondant
Distribution des résultats
% des personnes avec chaque résultat
Percentile par nombre de réponses
Votre historique - résultats
Vous n’avez pas pris ce quiz